00306 a2200109 450000100060000004000370000610000200004324000490006324500440011236200090015665000310016575694 cAnchieta - Colégio São Paulo aMira, Ana Paula10aAs fadas borboletas e o campo de floreslpor10aAs fadas borboletas e o campo de flores0 a2017 4aLiteratura infanto-juvenil